| 000 | 00701nam a22002657a 4500 | ||
|---|---|---|---|
| 003 | 3228 | ||
| 005 | 20260415111916.0 | ||
| 008 | 250709b sa ||||| |||| 00| 0 AFR d | ||
| 020 |
_a9780639607016 _qpbk |
||
| 040 |
_aRDA _c3228 |
||
| 041 | _2A | ||
| 082 | _aAF BREY | ||
| 100 | _aBreytenbach,Malene | ||
| 245 |
_aBeloofde land, beloofde liefde _cMalene Breytenbach. |
||
| 250 | _aEerste uitgawe. | ||
| 260 |
_aPretoria: _bLAPA Uitgewers; _c2021. |
||
| 300 |
_a205 pages, _c16.5 centimetre. |
||
| 490 | _3ddc | ||
| 650 |
_aRomance fiction _9180302 |
||
| 942 |
_w6786 _xChimezie Obi _y416 _zYoliswa Sabana |
||
| 942 |
_2ddc _cBK |
||
| 942 |
_2ddc _cBK |
||
| 942 |
_2ddc _cBK |
||
| 942 |
_2ddc _cBK |
||
| 999 |
_c774002 _d774001 |
||